Famous Jerries - Statistics

General Stats
  • This quiz has been taken 33 times
  • The average score is 7 of 18
Answer Stats
hint person % Correct
Mick Jagger's one-time wife Jerry Hall
85%
fictional sports agent played by Tom Cruise Jerry Maguire
74%
tabloid talk host Jerry Springer
74%
1950's rock & roll singer Jerry Lee Lewis
70%
a Spice Girl Geri Halliwell
63%
Grateful Dead guitarist Jerry Garcia
63%
a mononymous TV series is named after him Jerry Seinfeld
59%
Sinn Féin leader Gerry Adams
52%
California governor, twice Jerry Brown
52%
televangelist (1933-2007) Jerry Falwell
44%
Thunderbirds creator, with wife Sylvia Gerry Anderson
26%
Baker Street Gerry Rafferty
26%
Gerry and the Pacemakers lead singer Gerry Marsden
19%
fought Larry Holmes for WBC heavyweight title in 1982 Gerry Cooney
11%
academy award-nominated film composer; starts with G Jerry Goldsmith
7%
president of Ghana 1993-2001 Jerry Rawlings
7%
founder of Yahoo! Jerry Yang
7%
Emmy winning TV producer (1937-2015); starts with W Jerry Weintraub
0%
No matching quizzes found
Score Distribution
Percent of People with Each Score
Percentile by Number Answered
Your Score History
You have not taken this quiz